Statistics for All countries that have been in the olympics but won no medals

Click here to take the quiz!

General Stats

  • This quiz has been taken 98 times
  • The average score is 47 of 77

Answer Stats

NM/NCSummerWinterTotalAnswer% Correct
14923San Marino
87%
505Palau
84%
11011Lesotho
83%
606Saint Lucia
82%
808Saint Vincent
82%
101South Sudan
82%
303Tuvalu
82%
808Vanuatu
82%
111122Andorra
80%
12012Belize
80%
303Marshall Islands
80%
20929Monaco
79%
606Nauru
79%
606Saint Kitts
79%
12012Chad
78%
606Comoros
78%
12012Congo
78%
505Micronesia
76%
909Rwanda
76%
909Solomon Islands
76%
10010Antigua And Barbuda
75%
909Seychelles
75%
909The Gambia
75%
909Bhutan
74%
11011Guinea
74%
909Laos
74%
808Maldives
74%
16117Malta
74%
13417Nepal
74%
415Timor-Leste
74%
11011Benin
72%
909Cambodia
72%
617Dominica
72%
11112Honduras
72%
11011Sierra Leone
72%
707Yemen
72%
909Equatorial Guinea
71%
606Guinea Bissau
71%
404Kiribati
71%
12113Madagascar
71%
909Mauritania
71%
606Sao Tome
71%
505Brunei
70%
606Cape Verde
70%
11011El Salvador
70%
10010Central African Republic
68%
909Oman
68%
909Somalia
68%
10111Swaziland
68%
909Angola
67%
909Burkina Faso
67%
13013Mali
67%
12012Nicaragua
67%
10010Malawi
66%
12012Liberia
63%
14519Bolivia
62%
10010Libya
59%
909Bangladesh
58%
10010Papua New Guinea
57%
606Turkmenistan
57%
8311Albania
51%
17017Myanmar
50%
7613Bosnia & Herzegovina
39%
NC?606Palestine
39%
10010Democratic Republic of the Congo
33%
NC808Aruba
25%
NC9211British Virgin Islands
24%
NC819Guam
20%
819American Samoa
18%
NC10212Cayman Islands
14%
NC808Cook Islands
14%
NC NM101Saar
8%
NM202North Yemen
7%
NM303Republic of China
5%
NM NC101North Borneo
3%
NM NC202Malaya
1%
NC101Refugee Olympic Team
1%

Score Distribution

Percentile by Number Answered

Percent of People with Each Score

Your Score History

You have not taken this quiz